| 000 | 00000cam 2200000zi 4500 |
| 001 | 9.961544 |
| 003 | CaOODSP |
| 005 | 20260526130519 |
| 006 | m o d f |
| 007 | cr bn||||||||| |
| 008 | 260331s2004 onca ob f000 0 eng d |
| 040 | |aCaOODSP|beng|erda|cCaOODSP |
| 043 | |an-cn--- |
| 086 | 1 |aT52-4/289-2004E-PDF |
| 245 | 00|aStudy and reference guide : |btype rating : helicopter (HATRA exam). |
| 250 | |aFirst edition. |
| 264 | 1|a[Ottawa] : |bTransport Canada = Transports Canada, |c[2004] |
| 300 | |a1 online resource (35 pages) : |billustrations |
| 336 | |atext|btxt|2rdacontent |
| 337 | |acomputer|bc|2rdamedia |
| 338 | |aonline resource|bcr|2rdacarrier |
| 500 | |aIssued also in French under title: Guide d'étude et de référence : type particulier : hélicoptère (examen HATRA). |
| 500 | |aThis publication is the October 2004 revision of the first edition that was originally issued in January 2002. |
| 500 | |a"TP 13733E (revised 10/2004)." |
| 500 | |a"January 2002." |
| 504 | |aIncludes bibliographical references. |
| 650 | 0|aHelicopters|xPiloting|zCanada|xExaminations|vStudy guides. |
| 650 | 0|aHelicopter pilots|xLicenses|zCanada. |
| 655 | 7|aStudy guides|2lcgft |
| 710 | 1 |aCanada. |bTransport Canada, |eissuing body. |
| 775 | 08|tGuide d'étude et de référence : |w(CaOODSP)9.963087 |
| 856 | 40|qPDF|s252 KB|uhttps://publications.gc.ca/collections/collection_2026/tc/T52-4-289-2004-eng.pdf |
| 856 | 4 |qHTML|sN/A|uhttps://tc.canada.ca/en/aviation/publications/study-reference-guide-type-rating-helicopter-tp-13733 |
| 986 | |aTP 13733E |